000 00527cam a2200205ua 4500
001 11724
005 20260515114806.0
008 191030n ii |||gr||||Z||||||asm
020 _a9789382056515
040 _cMAIN
082 _a891.4514
100 _aJayanta Kr. Bora,
_eAuthor.
245 _aBisay aru byakhya
_cBy Jayanta Kr. Bora
250 _a1st ed.
260 _aDibrugarh:
_bBanalata,
_c2017.
300 _a333p.
653 _aEast Indo-European & Celtic literatures
653 _aLiterary Articles
942 _cBK
999 _c10516
_d10516